LEADER 01125nas# 22003373i 450 001 VAN00259423 005 20260226122326.551 011 $a1931-1516 017 70$20$a15283542 100 $a20230613a2001 |0itac50 ba 101 $aeng 102 $aUS 105 $a|||| ||||| 110 $aag||||||||| 181 $ai$b e 182 $ab 183 $acr 200 1 $aEmotion 210 $aWashington$cAmerican Psychological Association$d2001- 215 $avolumi$d24 cm 300 $aLa periodicità vari 620 $dWashington$3VANL000038 712 $aAPA $3VANV108131$4650 801 $aIT$bSOL$c20260227$gRICA 856 4 $uhttps://www.proquest.com/psycarticles/publication/60961/citation/A2692569BE27449FPQ/23?accountid=28749$zE-journal - Accesso al full-text attraverso riconoscimento IP di Ateneo, proxy e/o Shibboleth 899 $aBIBLIOTECA DEL DIPARTIMENTO DI PSICOLOGIA$1IT-CE0119$2VAN16$42001-$cProQuest ; 912 $fN 912 $aVAN00259423 950 $aBIBLIOTECA DEL DIPARTIMENTO DI PSICOLOGIA$3777593$b162001- 996 $aEMOTION$9469297 997 $aUNICAMPANIA